21 ideas for managers : (Record no. 2505)
[ view plain ]
| 000 -LEADER | |
|---|---|
| fixed length control field | 01124cac a22002171u 4500 |
| 090 ## - LOCALLY ASSIGNED LC-TYPE CALL NUMBER (OCLC); LOCAL CALL NUMBER (OCLC) | |
| -- | 2505 |
| 008 - FIXED-LENGTH DATA ELEMENTS--GENERAL INFORMATION | |
| fixed length control field | 081222t 2000xxu||||| |||| 00| 0 eng d |
| 010 ## - LIBRARY OF CONGRESS CONTROL NUMBER | |
| LC control number | 00008841 |
| 020 ## - INTERNATIONAL STANDARD BOOK NUMBER | |
| International Standard Book Number | 0787952192 |
| 082 00 - DEWEY DECIMAL CLASSIFICATION NUMBER | |
| Classification number | 658 |
| Item number | HAN |
| 100 ## - MAIN ENTRY--PERSONAL NAME | |
| Personal name | Handy, Charles B. |
| 245 10 - TITLE STATEMENT | |
| Title | 21 ideas for managers : |
| Remainder of title | practical wisdom for managing your company and yourself / |
| Statement of responsibility, etc | Charles Handy. |
| 246 3# - VARYING FORM OF TITLE | |
| Title proper/short title | Twenty-one ideas for managers |
| 260 ## - PUBLICATION, DISTRIBUTION, ETC. (IMPRINT) | |
| Place of publication, distribution, etc | San Francisco : |
| Name of publisher, distributor, etc | Jossey-Bass, |
| Date of publication, distribution, etc | 2000. |
| 300 ## - PHYSICAL DESCRIPTION | |
| Extent | xxl, 200 p.: |
| Other physical details | ill. ; |
| Dimensions | 24 cm. |
| 500 ## - GENERAL NOTE | |
| General note | Includes index. |
| 500 ## - GENERAL NOTE | |
| General note | . |
| 505 0# - FORMATTED CONTENTS NOTE | |
| Formatted contents note | A world of differences -- The "e" factors -- The secret contract -- The territorial itch -- The inside-out donut -- The Johari window -- The actor's roles -- Marathons or horse races -- The self-fulfilling prophecy -- The stroking formula -- Parents, adults, and children -- Power politics -- Teams and captains -- Outward and visible signs -- Tribes and their ways -- Find your God -- Counting and costing -- The customer is always there -- Curiosity made the cat -- Shamrocks galore. |
| 650 #0 - SUBJECT ADDED ENTRY--TOPICAL TERM | |
| Topical term or geographic name as entry element | Management |
| 942 ## - ADDED ENTRY ELEMENTS (KOHA) | |
| Item type | Book - Borrowing |
| Call number prefix | 658 HAN |
| Source of classification or shelving scheme | Dewey Decimal Classification |
| Withdrawn status | Item status | Source of classification or shelving scheme | Damaged status | Not for loan | Home library | Current library | Shelving location | Date acquired | Source of acquisition | Total Checkouts | Total Renewals | Full call number | Barcode | Date last seen | Date last borrowed | Koha item type |
|---|---|---|---|---|---|---|---|---|---|---|---|---|---|---|---|---|
| Dewey Decimal Classification | Central Library | Central Library | First floor | 22/02/2007 | Purchase | 4 | 2 | 658 HAN | 000001748 | 15/07/2025 | 20/04/2015 | Book - Borrowing |